| 000 | 00683nam a22001817a 4500 | ||
|---|---|---|---|
| 003 | NUST | ||
| 005 | 20260120154648.0 | ||
| 082 | _a621.382,REH | ||
| 100 |
_aRehman, Naveel _9132850 |
||
| 245 |
_aAdvanced combat man system / _cNaveel Rehman, M Junaid Aslam, Sabeeh Bukhari and Hasan Masood (BETE-52) |
||
| 260 |
_aRawalpindi _bMCS (NUST) _cJune, 2019 |
||
| 300 | _axii,58 p.; | ||
| 505 | _aIntroduction (Page-1), Operational Procedure (Page-6), Network Description – Intelligent Pairing (Page-10), Tplink-5210 Page-15), Conclusion (Page-23). | ||
| 650 |
_aUG Project _9131132 |
||
| 651 |
_aBETE-52 _9132848 |
||
| 700 |
_aSupervised by Dr. Abdul Wakeel _9132711 |
||
| 942 |
_2ddc _cPR |
||
| 999 |
_c615874 _d615874 |
||